[Event "Baptista Christmas op-A"]
[Site "Budapest"]
[Date "2015.12.21"]
[Round "5"]
[White "Toth, Viktor"]
[Black "Geher, Koppany"]
[Result "0-1"]
[WhiteElo "1555"]
[BlackElo "1561"]
[PlyCount "52"]
[EventDate "2015.12.19"]
[EventType "swiss"]
[EventRounds "6"]
[EventCountry "HUN"]
[SourceTitle "EXT 2025"]
[Source "ChessBase"]
[SourceDate "2024.10.14"]
[SourceVersion "1"]
[SourceVersionDate "2024.10.14"]
[SourceQuality "1"]

1. e4 e6 2. d4 d5 3. Nc3 Nf6 4. e5 Nfd7 5. f4 c5 6. Nf3 Nc6 7. Be3 Be7 8. Bd3 0-0 9. 0-0 f6 10. Qd2 fxe5 11. fxe5 cxd4 12. Nxd4 Ndxe5 13. Rxf8+ Bxf8 14. Nxc6 bxc6 15. Na4 Nxd3 16. Qxd3 e5 17. Re1 Qa5 18. Nc3 Rb8 19. Bf2 e4 20. Qd4 Qc7 21. b3 Bd6 22. h3 Be5 23. Qc5 Bf5 24. Ne2 a6 25. Nd4 Bd7 26. c4 Bd6 0-1

[Event "Baptista Christmas op-A"]
[Site "Budapest"]
[Date "2015.12.20"]
[Round "3"]
[White "Toth, Viktor"]
[Black "Brustkern, Juergen"]
[Result "0-1"]
[WhiteElo "1555"]
[BlackElo "2223"]
[PlyCount "82"]
[EventDate "2015.12.19"]
[EventType "swiss"]
[EventRounds "6"]
[EventCountry "HUN"]
[SourceTitle "EXT 2025"]
[Source "ChessBase"]
[SourceDate "2024.10.14"]
[SourceVersion "1"]
[SourceVersionDate "2024.10.14"]
[SourceQuality "1"]

1. e4 g6 2. d4 Bg7 3. f4 d6 4. Nf3 a6 5. Be3 Nf6 6. Nc3 b5 7. Bd3 Bb7 8. e5 Ng4 9. Bd2 0-0 10. Qe2 c5 11. dxc5 Nd7 12. Ng5 Nh6 13. cxd6 exd6 14. e6 Re8 15. 0-0-0 fxe6 16. Nce4 Bxe4 17. Bxe4 Qf6 18. c3 d5 19. Bf3 Nf7 20. Nxf7 Qxf7 21. Be3 Rac8 22. Kb1 Rc4 23. g3 b4 24. Rd4 bxc3 25. bxc3 Rb8+ 26. Kc1 Qe7 27. Kc2 Bxd4 28. Bxd4 Rxd4 29. cxd4 Nf6 30. Qxa6 Qc7+ 31. Kd3 Rc8 32. Rd1 Qc2+ 33. Ke3 Rc6 34. Qe2 Qa4 35. Kf2 Kg7 36. Rd2 h5 37. g4 hxg4 38. Bxg4 Ne4+ 39. Kf3 Nxd2+ 40. Qxd2 Qc4 41. Qe3 Qc2 0-1

[Event "HUN-chT U18"]
[Site "Budapest"]
[Date "2015.08.26"]
[Round "1.45"]
[White "Toth, Viktor"]
[Black "Vanczak, Tamas"]
[Result "0-1"]
[WhiteElo "1455"]
[BlackElo "2071"]
[PlyCount "74"]
[EventDate "2015.08.26"]
[EventType "team-swiss"]
[EventRounds "8"]
[EventCountry "HUN"]
[SourceTitle "EXT 2016"]
[Source "ChessBase"]
[SourceDate "2015.10.08"]
[SourceVersion "1"]
[SourceVersionDate "2015.10.08"]
[SourceQuality "1"]

1. e4 c5 2. Nf3 d6 3. d4 cxd4 4. Nxd4 Nf6 5. Nc3 a6 6. Bc4 e6 7. Bb3 b5 8. f3 Be7 9. Be3 0-0 10. 0-0 Qc7 11. Qd3 Nbd7 12. Nce2 Nc5 13. Qc3 e5 14. Nf5 Bxf5 15. exf5 d5 16. Bg5 d4 17. Qd2 Rad8 18. Ng3 a5 19. c3 a4 20. Bd1 Qb6 21. Kh1 dxc3 22. Qxc3 Nd5 23. Qc1 Nd3 24. Qd2 Bxg5 25. Qxg5 f6 26. Qd2 Ne3 27. Bc2 Nxf1 28. Rxf1 Qd4 29. b3 Nb4 30. Qxd4 Rxd4 31. Be4 Nxa2 32. bxa4 bxa4 33. h3 Nc3 34. Bc2 Rd2 35. Rc1 Na2 36. Ne4 Nxc1 37. Nxd2 a3 0-1

[Event "HUN-ch U16"]
[Site "Balatonlelle"]
[Date "2015.06.18"]
[Round "1"]
[White "Toth, Viktor"]
[Black "Simon, Lili"]
[Result "0-1"]
[WhiteElo "1457"]
[BlackElo "2012"]
[PlyCount "66"]
[EventDate "2015.06.18"]
[EventType "swiss"]
[EventRounds "7"]
[EventCountry "HUN"]
[SourceTitle "CBM 167 Extra"]
[Source "ChessBase"]
[SourceDate "2015.09.14"]
[SourceVersion "1"]
[SourceVersionDate "2015.09.14"]
[SourceQuality "1"]

1. e4 e5 2. Nf3 Nc6 3. Bc4 Bc5 4. c3 Nf6 5. d4 exd4 6. cxd4 Bb4+ 7. Bd2 Bxd2+ 8. Nbxd2 d5 9. exd5 Nxd5 10. 0-0 0-0 11. Re1 Nb6 12. Bb3 Nxd4 13. Nxd4 Qxd4 14. Nf3 Qf6 15. Qc2 c6 16. Re3 Bg4 17. Rae1 Rad8 18. Qe2 h6 19. h3 Bxf3 20. Rxf3 Qg5 21. Qe7 Nd5 22. Qxb7 Nf4 23. Rg3 Qf6 24. Qxa7 Rd3 25. Ree3 Rd2 26. Rgf3 Qd6 27. Qe7 Qxe7 28. Rxe7 Ne2+ 29. Kf1 Nd4 30. Rfxf7 Rxf7 31. Re8+ Kh7 32. Bxf7 Rxb2 33. Re1 Nc2 0-1

[Event "HUN-chT2 Breyer 1415"]
[Site "Hungary"]
[Date "2015.02.10"]
[Round "8.10"]
[White "Hidvegi, Attila"]
[Black "Toth, Viktor"]
[Result "1-0"]
[WhiteElo "2063"]
[BlackElo "1467"]
[PlyCount "59"]
[EventDate "2014.09.07"]
[EventType "team-tourn"]
[EventRounds "11"]
[EventCountry "HUN"]
[SourceTitle "EXT 2016"]
[Source "ChessBase"]
[SourceDate "2015.10.08"]
[SourceVersion "1"]
[SourceVersionDate "2015.10.08"]
[SourceQuality "1"]
[WhiteTeam "Pestszentlorinc"]
[BlackTeam "Sarkany DSE"]
[WhiteTeamCountry "HUN"]
[BlackTeamCountry "HUN"]

1. e4 e5 2. Nf3 Nc6 3. Bb5 a6 4. Ba4 Nf6 5. 0-0 b5 6. Bb3 Bc5 7. d3 h6 8. c3 d6 9. d4 exd4 10. cxd4 Bb6 11. Nc3 Bg4 12. Be3 Bxf3 13. gxf3 Na5 14. d5 Bxe3 15. fxe3 Nd7 16. f4 Nc5 17. Bc2 Nc4 18. Qc1 Qe7 19. b4 Nd7 20. Bd3 Ndb6 21. a4 bxa4 22. Nxa4 Nxa4 23. Qxc4 Nb6 24. Qc6+ Kd8 25. Rfc1 Ra7 26. Rxa6 Rxa6 27. Bxa6 Qd7 28. Qb7 Qg4+ 29. Kf2 Qh4+ 30. Ke2 1-0

[Event "HUN-chT2 Breyer 1415"]
[Site "Hungary"]
[Date "2014.10.12"]
[Round "3.11"]
[White "Toth, Viktor"]
[Black "Kovacs, Balazs"]
[Result "0-1"]
[WhiteElo "1551"]
[BlackElo "1742"]
[PlyCount "62"]
[EventDate "2014.09.07"]
[EventType "team-tourn"]
[EventRounds "11"]
[EventCountry "HUN"]
[SourceTitle "EXT 2016"]
[Source "ChessBase"]
[SourceDate "2015.10.08"]
[SourceVersion "1"]
[SourceVersionDate "2015.10.08"]
[SourceQuality "1"]
[WhiteTeam "Sarkany DSE"]
[BlackTeam "Turul"]
[WhiteTeamCountry "HUN"]
[BlackTeamCountry "HUN"]

1. e4 d6 2. d4 Nf6 3. Nc3 g6 4. Nf3 Bg7 5. Bg5 0-0 6. Qd2 c6 7. Bd3 Bg4 8. 0-0-0 b5 9. Rdg1 Qb6 10. Ne2 c5 11. e5 Nd5 12. Be4 e6 13. Bxd5 exd5 14. Be7 Rc8 15. Bxd6 c4 16. c3 a5 17. a3 Nc6 18. Bc5 Qb7 19. h3 Bf5 20. Ne1 b4 21. cxb4 axb4 22. Bxb4 Nxb4 23. Qxb4 Qa7 24. g4 Bd3 25. Nxd3 cxd3+ 26. Nc3 Bf8 27. Qb3 Qxd4 28. Rf1 Rab8 29. Qa2 Rxc3+ 30. bxc3 Qxc3+ 31. Kd1 Rb2 0-1

[Event "Budapest op 4th"]
[Site "Budapest"]
[Date "2014.08.21"]
[Round "6"]
[White "Rzin, Mehdi"]
[Black "Toth, Viktor"]
[Result "0-1"]
[WhiteElo "1757"]
[BlackElo "1530"]
[PlyCount "108"]
[EventDate "2014.08.16"]
[EventType "swiss"]
[EventRounds "9"]
[EventCountry "HUN"]
[SourceTitle "CBM 161 Extra"]
[Source "ChessBase"]
[SourceDate "2014.08.29"]
[SourceVersion "1"]
[SourceVersionDate "2014.08.29"]
[SourceQuality "1"]

1. e4 e5 2. Nf3 Nc6 3. d4 exd4 4. Nxd4 Qf6 5. Be3 Bc5 6. c3 Nge7 7. Bc4 Ne5 8. Bb3 d6 9. h3 Bd7 10. Nd2 Nd3+ 11. Kf1 Ne5 12. a4 Qg6 13. f4 N5c6 14. Bc2 Qf6 15. N2f3 g6 16. b4 Bxd4 17. Nxd4 d5 18. e5 Nxe5 19. Kg1 Nc4 20. Bc1 c6 21. Kh2 0-0 22. Rf1 Nf5 23. Nxf5 Bxf5 24. Bxf5 Qxf5 25. Ra2 Rae8 26. Re2 Qd7 27. Rxe8 Rxe8 28. Qd4 a6 29. f5 Re4 30. Qa7 gxf5 31. Qb8+ Kg7 32. Qg3+ Kh8 33. Bh6 Qd6 34. Bg7+ Kg8 35. Rf3 Qxg3+ 36. Rxg3 Re6 37. Bf6+ Kf8 38. Bg7+ Ke7 39. Bd4 Rg6 40. Rf3 Nd6 41. Bc5 Ke6 42. Bxd6 Kxd6 43. Rxf5 Ke6 44. g4 Rf6 45. Rxf6+ Kxf6 46. Kg3 a5 47. Kf4 axb4 48. cxb4 Ke6 49. h4 Kd6 50. Ke3 c5 51. bxc5+ Kxc5 52. Kd3 Kb4 53. Kd4 Kxa4 54. Kxd5 b5 0-1

[Event "HUN-ch U16"]
[Site "Balatonlelle"]
[Date "2014.06.27"]
[Round "8"]
[White "Radai, Zoltan Mate"]
[Black "Toth, Viktor"]
[Result "1/2-1/2"]
[WhiteElo "1679"]
[BlackElo "1451"]
[PlyCount "103"]
[EventDate "2014.06.20"]
[EventType "swiss"]
[EventRounds "9"]
[EventCountry "HUN"]
[SourceTitle "EXT 2024"]
[Source "ChessBase"]
[SourceDate "2023.10.10"]
[SourceVersion "1"]
[SourceVersionDate "2023.10.10"]
[SourceQuality "1"]

1. Nf3 Nf6 2. d4 d5 3. g3 c5 4. Bg2 cxd4 5. Nxd4 e5 6. Nf3 Nc6 7. 0-0 h6 8. b3 Be6 9. Bb2 Qc7 10. e3 Bg4 11. Qc1 Rc8 12. c4 dxc4 13. Qxc4 Bd6 14. Nbd2 0-0 15. Rac1 Rfe8 16. Ne4 Nxe4 17. Qxe4 Bh5 18. Nh4 Be7 19. g4 Bxh4 20. gxh5 Qe7 21. Bh3 Qg5+ 22. Qg4 Qxg4+ 23. Bxg4 Rcd8 24. Rfd1 Bf6 25. Bd7 Re7 26. Bxc6 Rxd1+ 27. Rxd1 bxc6 28. e4 Rc7 29. Kf1 Kf8 30. Ba3+ Ke8 31. Ke2 Be7 32. Bb2 Bf6 33. Rc1 Kd7 34. Rd1+ Ke6 35. Ba3 Be7 36. Bb2 Rb7 37. Rg1 Bf6 38. Rc1 Rb6 39. Rc5 Ra6 40. a3 Rb6 41. b4 Kd6 42. Ra5 Rb7 43. Kf3 Ke6 44. Rc5 Kd6 45. Ke2 Rb5 46. Rxb5 cxb5 47. Bc1 Ke6 48. Be3 a6 49. Kf3 Bd8 50. Bd2 Bb6 51. Be3 Bxe3 52. Kxe3 1/2-1/2

[Event "Budapest Art Pub Cup 4th"]
[Site "Budapest"]
[Date "2014.04.19"]
[Round "5"]
[White "Toth, Viktor"]
[Black "Ongut, Tamas Gunes"]
[Result "0-1"]
[WhiteElo "1429"]
[BlackElo "1559"]
[PlyCount "46"]
[EventDate "2014.04.16"]
[EventType "swiss"]
[EventRounds "7"]
[EventCountry "HUN"]
[SourceTitle "EXT 2015"]
[Source "ChessBase"]
[SourceDate "2014.11.20"]
[SourceVersion "1"]
[SourceVersionDate "2014.11.20"]
[SourceQuality "1"]

1. e4 c5 2. Nf3 d6 3. d4 cxd4 4. Nxd4 Nf6 5. Nc3 g6 6. Be3 Bg7 7. Qd2 Ng4 8. Bg5 Qb6 9. Nb3 Be6 10. h3 Ne5 11. Bh6 0-0 12. Bxg7 Kxg7 13. Nd5 Bxd5 14. Qxd5 Nbc6 15. a3 a5 16. a4 Nb4 17. Qd2 Rfc8 18. Rc1 Nxc2+ 19. Rxc2 Qxb3 20. Rxc8 Rxc8 21. Bb5 Rc2 22. Qd1 Qb4+ 23. Kf1 Qxb2 0-1

[Event "Budapest Art Pub Cup 4th"]
[Site "Budapest"]
[Date "2014.04.18"]
[Round "3"]
[White "Toth, Viktor"]
[Black "Jaro, Benjamin"]
[Result "1-0"]
[WhiteElo "1429"]
[BlackElo "1487"]
[PlyCount "123"]
[EventDate "2014.04.16"]
[EventType "swiss"]
[EventRounds "7"]
[EventCountry "HUN"]
[SourceTitle "EXT 2015"]
[Source "ChessBase"]
[SourceDate "2014.11.20"]
[SourceVersion "1"]
[SourceVersionDate "2014.11.20"]
[SourceQuality "1"]

1. e4 e5 2. Nf3 Nc6 3. Bc4 Nf6 4. d4 exd4 5. 0-0 Nxe4 6. Re1 d5 7. Bxd5 Qxd5 8. Nc3 Qa5 9. Nxe4 Be7 10. Bg5 0-0 11. Bxe7 Nxe7 12. Qxd4 Bf5 13. Nf6+ gxf6 14. Rxe7 Bxc2 15. Qxf6 Bg6 16. Ne5 Rad8 17. Qf4 Qxa2 18. Rf1 Qxb2 19. Nxg6 hxg6 20. Qxc7 Rb8 21. Rxf7 Rbc8 22. Qxb7 Qxb7 23. Rxb7 a5 24. Ra7 Ra8 25. Rxa8 Rxa8 26. Ra1 Kf7 27. Kf1 Ke6 28. Ke2 Kd5 29. Kd3 a4 30. Ra3 Kc5 31. Kc3 Kb5 32. Kb2 Rd8 33. Rc3 Kb4 34. Rc2 Rd1 35. f4 Rd4 36. g3 Rc4 37. Rxc4+ Kxc4 38. Ka3 Kd4 39. Kxa4 Ke4 40. Kb4 Kf3 41. Kc4 Ke4 42. Kc5 Kf5 43. Kd6 Kf6 44. Kd5 Kf5 45. Kd4 Ke6 46. Ke4 Kf6 47. g4 Ke6 48. f5+ gxf5+ 49. gxf5+ Kf6 50. h4 Kg7 51. Ke5 Kf7 52. h5 Kg7 53. Ke6 Kg8 54. f6 Kh8 55. f7 Kh7 56. Ke7 Kg7 57. f8Q+ Kh7 58. Qf7+ Kh8 59. Qf6+ Kh7 60. Qg5 Kh8 61. h6 Kh7 62. Qg7# 1-0

[Event "Budapest Art Pub Cup 3rd"]
[Site "Budapest"]
[Date "2014.01.05"]
[Round "6"]
[White "Kovacs, Gabor Etele"]
[Black "Toth, Viktor"]
[Result "1/2-1/2"]
[WhiteElo "1638"]
[BlackElo "1372"]
[PlyCount "101"]
[EventDate "2014.01.02"]
[EventType "swiss"]
[EventRounds "7"]
[EventCountry "HUN"]
[SourceTitle "CBM 158 Extra"]
[Source "ChessBase"]
[SourceDate "2014.02.28"]
[SourceVersion "1"]
[SourceVersionDate "2014.02.28"]
[SourceQuality "1"]

1. e4 e5 2. Nf3 Nc6 3. Bb5 a6 4. Bxc6 dxc6 5. 0-0 Bd6 6. d4 exd4 7. Qxd4 f6 8. Be3 Be6 9. Nbd2 Qd7 10. Nc4 Bxh2+ 11. Kxh2 Qxd4 12. Nxd4 Bxc4 13. Rfe1 0-0-0 14. b3 Bf7 15. Rad1 Ne7 16. Rd2 c5 17. Ne2 Rxd2 18. Bxd2 Rd8 19. Be3 c4 20. Nc3 cxb3 21. axb3 f5 22. Kg3 fxe4 23. Bg5 Rd7 24. Rxe4 Nf5+ 25. Kg4 Nd4 26. f4 g6 27. Bf6 Nxc2 28. Na4 b6 29. b4 Bd5 30. Re8+ Kb7 31. g3 Nxb4 32. Re1 Nc2 33. Rb1 Nd4 34. Nc5+ Kc6 35. Nxd7 Kxd7 36. Bxd4 c5 37. Be5 Kc6 38. Kg5 a5 39. Kh6 a4 40. Kxh7 b5 41. Ra1 Be4 42. g4 Kd5 43. Bb2 Kc4 44. Kh6 Kb3 45. Be5 a3 46. Kg5 a2 47. f5 gxf5 48. gxf5 c4 49. f6 Bd5 50. Kf5 c3 51. Rxa2 1/2-1/2

[Event "Budapest Art Pub Cup 3rd"]
[Site "Budapest"]
[Date "2014.01.04"]
[Round "4"]
[White "Pinter, Tamas"]
[Black "Toth, Viktor"]
[Result "0-1"]
[WhiteElo "1656"]
[BlackElo "1372"]
[PlyCount "62"]
[EventDate "2014.01.02"]
[EventType "swiss"]
[EventRounds "7"]
[EventCountry "HUN"]
[SourceTitle "CBM 158 Extra"]
[Source "ChessBase"]
[SourceDate "2014.02.28"]
[SourceVersion "1"]
[SourceVersionDate "2014.02.28"]
[SourceQuality "1"]

1. Nf3 Nf6 2. g3 g6 3. Bg2 Bg7 4. 0-0 0-0 5. d3 d5 6. c3 c6 7. Bf4 Re8 8. Nbd2 Nbd7 9. Ne5 Nh5 10. Nxd7 Nxf4 11. Nc5 Nxg2 12. Kxg2 b6 13. Ncb3 e5 14. e4 dxe4 15. dxe4 Qe7 16. Qe2 h5 17. h4 Bb7 18. Rad1 Rad8 19. f3 Qe6 20. a4 Bc8 21. Rh1 Re7 22. a5 Bh6 23. Kf2 Red7 24. axb6 axb6 25. Rhg1 Rd6 26. g4 hxg4 27. fxg4 Qf6+ 28. Nf3 Rxd1 29. Rxd1 Rxd1 30. Qxd1 Bxg4 31. Nbd2 Bxd2 0-1

[Event "Budapest Art Pub Cup 3rd"]
[Site "Budapest"]
[Date "2014.01.03"]
[Round "2"]
[White "Palinkas, Ervin"]
[Black "Toth, Viktor"]
[Result "1-0"]
[WhiteElo "1719"]
[BlackElo "1372"]
[PlyCount "79"]
[EventDate "2014.01.02"]
[EventType "swiss"]
[EventRounds "7"]
[EventCountry "HUN"]
[SourceTitle "CBM 158 Extra"]
[Source "ChessBase"]
[SourceDate "2014.02.28"]
[SourceVersion "1"]
[SourceVersionDate "2014.02.28"]
[SourceQuality "1"]

1. d4 Nf6 2. Nf3 g6 3. Bf4 Bg7 4. e3 d6 5. Nbd2 0-0 6. h3 a6 7. a4 Nc6 8. c3 Nd7 9. Bc4 e5 10. dxe5 Ndxe5 11. Be2 Bf5 12. Nc4 Qe7 13. 0-0 g5 14. Nxg5 Bh6 15. h4 Ng6 16. Bd3 Nxh4 17. Bxf5 Nxf5 18. Qg4 Ng7 19. Nh3 Bxf4 20. Nxf4 Kh8 21. g3 Ne6 22. Nd5 Qd8 23. Kg2 Rg8 24. Qf3 Ng5 25. Qf5 b5 26. Nd2 Qc8 27. Qf6+ Rg7 28. Rh1 Qe6 29. Qxe6 Nxe6 30. axb5 Nb8 31. b6 cxb6 32. Nxb6 Ra7 33. Nc8 Rd7 34. Nb6 Rb7 35. Na4 Nc5 36. b4 Ne6 37. Ne4 d5 38. Nf6 Rb5 39. Rh5 Nc7 40. Rah1 1-0